El jorobado de Notre Dame : (Registro nro. 14090)

Detalles MARC
000 -LIDER
fixed length control field 01167nam a2200337 a 4500
001 - NÚMERO DE CONTROL
Identificador de número de control
003 - IDENTIFICACDOR DE NÚMERO DE CONTROL
control field DO-SdBNP
005 - DATE AND TIME OF LATEST TRANSACTION
control field 20220317121330.0
007 - CAMPOS FIJOS DE DESCRIPCIÓN FÍSICA
fixed length control field
008 - ELEMENTOS DE LONGITUD FIJA
fixed length control field 090819s2008 mx a 000 0 spa d
020 ## - ISBN
International Standard Book Number 9789702218333
040 ## - FUENTE DE CATALOGACIÓN
Agencia que crea de manera original el registro BPMSU
Idioma de catalogación spa
Agencia que realiza la transcripción BPMSU
082 ## - NÚMERO DE CLASIFICACIÓN DECIMAL DE DEWEY
Classification number 813.5
Item number A613j 2008
Edition number 22
100 1# - ASIENTO PRINCIPAL -- NOMBRE PERSONAL
Nombre personal Ann Marsoli, Lisa
245 13 - MENCIÓN DE TITULO
Título El jorobado de Notre Dame :
Subtítulo el héroe oculto /
Mención de responsabilidad Lisa ann Marsoli ;ilustrado Dean Klieven, Phil Ortiz, y Adam Devaney Nancy Casolaro ; ilustrado por traducción Beatriz Stellino
246 13 - VARIACION DEL TÍTULO
Título propiamente dicho o título corto Padres e hijos comparten y aprenden
260 ## - PUBLICACIÓN, DISTRIBUCIÓN, ETC. (PIE DE IMPRENTA)
Lugar de publicación, distribución, etc México :
Nombre del editor, distribuidor, etc. Ediciones Larousse,
Fecha de publicación, distribución, etc 2008
300 ## - DESCRIPCIÓN FÍSICA
Extensión 40 p. :
Otros detalles físicos ils.,;
Dimensiones 27 cm.
490 0# - MENCIÓN DE SERIES
Mención de serie Mi primera biblioteca familiar bilingüe
534 ## - NOTA SOBRE LA VERSIÓN ORIGINAL
Asiento principal del original Texto en español e inglés
590 ## - NOTA LOCAL
Enlace Inventariado, 2022/VM
650 #4 - ENCABEZAMIENTO DE MATERIA--TEMÁTICO
Término temático o nombre geográfico como elemento de entrada Cuentos infantiles estadounidenses.
650 #4 - ENCABEZAMIENTO DE MATERIA--TEMÁTICO
Término temático o nombre geográfico como elemento de entrada Literatura infantil estadounidenses
Subdivisión de forma
700 1# - ASIENTO SECUNDARIO -- NOMBRE PERSONAL
Nombre personal Casolaro, Nancy
700 1# - ASIENTO SECUNDARIO -- NOMBRE PERSONAL
Nombre personal Klieven, Dean
Mención de responsabilidad ilustración
700 1# - ASIENTO SECUNDARIO -- NOMBRE PERSONAL
Nombre personal Ortiz, Phil
Mención de responsabilidad ilustración
700 1# - ASIENTO SECUNDARIO -- NOMBRE PERSONAL
Nombre personal Stellino, Beatriz
Mención de responsabilidad traductor
710 2# - ASIENTO SECUNDARIO -- NOMBRE CORPORATIVO
Nombre corporativo o de jurisdicción Walt Disney
910 ## - VALIDACIÓN
Validación VMateo V.
942 ## - ADDED ENTRY ELEMENTS (KOHA)
Source of classification or shelving scheme Dewey Decimal Classification
Koha item type Libros
Existencias
Withdrawn status Lost status Source of classification or shelving scheme Damaged status Not for loan Collection code Home library Current library Date acquired Total Checkouts Full call number Barcode Date last seen Price effective from Koha item type Source of acquisition Copy number
    Dewey Decimal Classification     Colección Infantil General Biblioteca Pública Metropolitana Salomé Ureña Biblioteca Pública Metropolitana Salomé Ureña 03/17/2022   BPMSU CGI 813.5 A613j 2008 BPMSU22030057 03/17/2022 03/17/2022 Libros    
    Dewey Decimal Classification     Colección Infantil General Biblioteca Pública Metropolitana Salomé Ureña Biblioteca Pública Metropolitana Salomé Ureña 03/17/2022   BPMSU CGI 813.5 A613j 2008 BPMSU22030058 03/17/2022 03/17/2022 Libros Compra e.2
    Dewey Decimal Classification     Colección Infantil General Biblioteca Pública Metropolitana Salomé Ureña Biblioteca Pública Metropolitana Salomé Ureña 03/17/2022   BPMSU CGI 813.5 A613j 2008 BPMSU22030059 03/17/2022 03/17/2022 Libros Compra e.3
    Dewey Decimal Classification     Colección Infantil General Biblioteca Pública Metropolitana Salomé Ureña Biblioteca Pública Metropolitana Salomé Ureña 03/17/2022   BPMSU CGI 813.5 A613j 2008 BPMSU22030060 03/17/2022 03/17/2022 Libros Compra e.4
    Dewey Decimal Classification     Colección Infantil General Biblioteca Pública Metropolitana Salomé Ureña Biblioteca Pública Metropolitana Salomé Ureña 03/17/2022   BPMSU CGI 813.5 A613j 2008 BPMSU22030061 03/17/2022 03/17/2022 Libros Compra e.5